| 000 | 00449nam a2200157 i 4500 | ||
|---|---|---|---|
| 001 | bg | ||
| 245 | 0 |
_aCzłowiek-środowisko-zdrowie : _bpraca zbiorowa / _cpod red. Jana Kopczynskiego i Andrzeja Sicińskiego. |
|
| 260 |
_aWrocław, _c1990. |
||
| 700 | 1 |
_aKopczyński, Jan. _eRed. |
|
| 700 | 1 |
_aSiciński, Andrzej. _eRed. |
|
| 040 | _cBPK | ||
| 041 | _apol | ||
| 080 | _a614:504](061.3) | ||
| 942 | _cKS | ||
| 008 | s pl f |000 0 pol | ||
| 999 |
_c29465 _d29465 |
||
| 856 |
_uhttp://koha.tu.koszalin.pl/cgi-bin/koha/opac-detail.pl?biblionumber=29465 _yKatalog online BPK |
||